000 01029nam a22003137a 4500
001 6296
003 FISKH
005 20250409141708.0
008 250409b cb ||||| |||| 00| 0 eng d
020 _a0590682695
040 _aDLC
_cDLC
_dDLC
_beng
050 _aPZ7.K6797 H
082 _a513
100 1 _aKline, Suzy
_d(1943-)
245 1 0 _aHorrible Harry and the Purple People /
_cby Suzy Kline ; pictures by Frank Remkiewicz.
250 _aThis edition first published in 1998
260 _aNew York :
_bScholastic,
_c1997.
300 _a51 pages :
_billustrations ;
_c20 cm.
505 _aJ
520 _aHorrible Harry, the class clown of Room 2B, returns to the spotlight with the Purple People, mysterious beings that only he can see.
521 8 _a450
_bLexile
521 8 _aJ
_bRaz-Plus
650 1 _aSchools
_xFiction.
650 1 _aFriendship
_xFiction.
700 1 _aRemkiewicz, Frank,
_eillustrator
906 _a7
_bcbc
_corignew
_d1
_eocip
_f19
_gy-gencatlg
942 _2ddc
_cBK
_n0
999 _c6296
_d6296